NEC3 (Record no. 112879)

MARC details
000 -LEADER
fixed length control field 03254cam a22005415a 4500
001 - CONTROL NUMBER
control field L154183
008 - FIXED-LENGTH DATA ELEMENTS--GENERAL INFORMATION
fixed length control field 111108s2011 xxk f 000 0 eng d
020 ## - INTERNATIONAL STANDARD BOOK NUMBER
International Standard Book Number 9780727736758
035 ## - SYSTEM CONTROL NUMBER
System control number (Sirsi) u154183
041 0# - LANGUAGE CODE
Language code of text/sound track or separate title eng
050 04 - LIBRARY OF CONGRESS CALL NUMBER
Classification number 624.08 $2 18
110 2# - MAIN ENTRY--CORPORATE NAME
Corporate name or jurisdiction name as entry element Institute of Civil Engineers
9 (RLIN) 5948
245 00 - TITLE STATEMENT
Title NEC3
250 ## - EDITION STATEMENT
Edition statement 3rd ed. (with amendments)
260 ## - PUBLICATION, DISTRIBUTION, ETC.
Place of publication, distribution, etc. London
Name of publisher, distributor, etc. Thomas Telford
Date of publication, distribution, etc. 2005
300 ## - PHYSICAL DESCRIPTION
Extent 2
Type of unit boxed sets
Dimensions 30cm.
350 ## - PRICE (NR) (BK AM CF MU VM SE) [OBSOLETE]
Price 345
490 #0 - SERIES STATEMENT
Series statement New Engineering Contract (Third Edition with amendments)
505 2# - FORMATTED CONTENTS NOTE
Formatted contents note Engineering and Construction Contract Guidance Notes -- Engineering and Construction Contract Flow Charts -- Engineering and Construction Short Contract Guidance Notes and Flow Charts -- Professional Services Contract Guidance Notes and Flow Charts -- Term Service Contract Guidance Notes -- Term Service Contract Flow Charts -- Term Service Short Contract Guidance Notes and Flow Charts -- Supply Contract Guidance Notes -- Supply Contract Flow Charts -- Supply Short Contract Guidance Notes and Flow Charts -- Framework Contract Guidance Notes and Flow Charts -- Adjudicator's Contract Guidance Notes and Flow Charts -- Procurement and Contract Strategies
520 ## - SUMMARY, ETC.
Summary, etc. An updated suite of engineering and construction contracts and associated guidance and flowcharts, which includes new term service and framework contracts and guidance on procurement and contract strategies.
520 ## - SUMMARY, ETC.
Summary, etc. Supersedes third edition (ISBN 0727733826).
521 ## - TARGET AUDIENCE NOTE
Target audience note S
590 ## - LOCAL NOTE (RLIN)
Local note IKA111005
650 24 - SUBJECT ADDED ENTRY--TOPICAL TERM
Topical term or geographic name entry element NEW ENGINEERING CONTRACT (THIRD EDITION)
650 24 - SUBJECT ADDED ENTRY--TOPICAL TERM
Topical term or geographic name entry element NEC ENGINEERING AND CONSTRUCTION CONTRACT (THIRD EDITION)
650 24 - SUBJECT ADDED ENTRY--TOPICAL TERM
Topical term or geographic name entry element NEC ENGINEERING AND CONSTRUCTION CONTRACT: OPTION A (THIRD EDITION)
650 24 - SUBJECT ADDED ENTRY--TOPICAL TERM
Topical term or geographic name entry element NEC ENGINEERING AND CONSTRUCTION CONTRACT: OPTION B (THIRD EDITION)
650 24 - SUBJECT ADDED ENTRY--TOPICAL TERM
Topical term or geographic name entry element NEC ENGINEERING AND CONSTRUCTION CONTRACT: OPTION C (THIRD EDITION)
650 24 - SUBJECT ADDED ENTRY--TOPICAL TERM
Topical term or geographic name entry element NEC ENGINEERING AND CONSTRUCTION CONTRACT: OPTION D (THIRD EDITION)
650 24 - SUBJECT ADDED ENTRY--TOPICAL TERM
Topical term or geographic name entry element NEC ENGINEERING AND CONSTRUCTION CONTRACT: OPTION E (THIRD EDITION)
650 24 - SUBJECT ADDED ENTRY--TOPICAL TERM
Topical term or geographic name entry element NEC ENGINEERING AND CONSTRUCTION CONTRACT: OPTION E (THIRD EDITION)
650 24 - SUBJECT ADDED ENTRY--TOPICAL TERM
Topical term or geographic name entry element NEC ENGINEERING AND CONSTRUCTION SUBCONTRACT (THIRD EDITION)
650 24 - SUBJECT ADDED ENTRY--TOPICAL TERM
Topical term or geographic name entry element NEC PROFESSIONAL SERVICES CONTRACT (THIRD EDITION)
650 24 - SUBJECT ADDED ENTRY--TOPICAL TERM
Topical term or geographic name entry element NEC ENGINEERING AND CONSTRUCTION SHORT CONTRACT (SECOND EDITION)
650 24 - SUBJECT ADDED ENTRY--TOPICAL TERM
Topical term or geographic name entry element NEC ENGINEERING AND CONSTRUCTION SHORT SUBCONTRACT (THIRD EDITION)
650 24 - SUBJECT ADDED ENTRY--TOPICAL TERM
Topical term or geographic name entry element NEC ADJUDICATOR'S CONTRACT (THIRD EDITION)
650 24 - SUBJECT ADDED ENTRY--TOPICAL TERM
Topical term or geographic name entry element NEC TERM SERVICE CONTRACT (FIRST EDITION)
650 24 - SUBJECT ADDED ENTRY--TOPICAL TERM
Topical term or geographic name entry element NEC FRAMEWORK CONTRACT (FIRST EDITION)
650 24 - SUBJECT ADDED ENTRY--TOPICAL TERM
Topical term or geographic name entry element NEC SUPPLY SHORT CONTRACT (FIRST EDITION)
650 24 - SUBJECT ADDED ENTRY--TOPICAL TERM
Topical term or geographic name entry element NEC SUPPLY CONTRACT (FIRST EDITION)
650 24 - SUBJECT ADDED ENTRY--TOPICAL TERM
Topical term or geographic name entry element NEC TERM SERVICE SHORT CONTRACT (FIRST EDITION)
650 24 - SUBJECT ADDED ENTRY--TOPICAL TERM
Topical term or geographic name entry element NEC ENGINEERING AND CONSTRUCTION SHORT SUBCONTRACT (SECOND EDITION)
650 24 - SUBJECT ADDED ENTRY--TOPICAL TERM
Topical term or geographic name entry element NEC ENGINEERING AND CONSTRUCTION CONTRACT: OPTION F (THIRD EDITION)
650 24 - SUBJECT ADDED ENTRY--TOPICAL TERM
Topical term or geographic name entry element NEC ENGINEERING AND CONSTRUCTION CONTRACT: OPTION D (THIRD EDITION)
651 #4 - SUBJECT ADDED ENTRY--GEOGRAPHIC NAME
Geographic name ENGLAND AND WALES
690 ## - LOCAL SUBJECT ADDED ENTRY--TOPICAL TERM (OCLC, RLIN)
Topical term or geographic name as entry element BUILT ENVIRONMENT-BUILDING CONTRACT FORMS-STANDARD FORMS OF BUILDING CONTRACT-NEW ENGINEERING CONTRACT CONTRACTS
942 ## - ADDED ENTRY ELEMENTS (KOHA)
Suppress in OPAC 0
Holdings
Withdrawn status Lost status Source of classification or shelving scheme Damaged status Not for loan Home library Current library Shelving location Date acquired Cost, normal purchase price Total Checkouts Full call number Barcode Date last seen Copy number Cost, replacement price Price effective from Koha item type
    Dewey Decimal Classification     London London Basement 26/10/2011 345.00   BASEMENT 30079554 06/08/2019 1 345.00 06/08/2019 Book
    Dewey Decimal Classification     London London Basement 08/11/2011     BASEMENT 30079555 06/08/2019 1   06/08/2019 Book
    Dewey Decimal Classification     London London Basement 08/11/2011     BASEMENT 30079557 06/08/2019 1   06/08/2019 Book
    Dewey Decimal Classification     London London Basement 08/11/2011     BASEMENT 30079558 06/08/2019 1   06/08/2019 Book
    Dewey Decimal Classification     London London Basement 08/11/2011     BASEMENT 30079559 06/08/2019 1   06/08/2019 Book
    Dewey Decimal Classification     London London Basement 08/11/2011     BASEMENT 30079561 06/08/2019 1   06/08/2019 Book
    Dewey Decimal Classification     London London Basement 08/11/2011     BASEMENT 30079562 06/08/2019 1   06/08/2019 Book
    Dewey Decimal Classification     London London Basement 08/11/2011     BASEMENT 30079563 06/08/2019 1   06/08/2019 Book
    Dewey Decimal Classification     London London Basement 08/11/2011     BASEMENT 30079565 06/08/2019 1   06/08/2019 Book
    Dewey Decimal Classification     London London Basement 08/11/2011     BASEMENT 30079566 06/08/2019 1   06/08/2019 Book
    Dewey Decimal Classification     London London Basement 08/11/2011     BASEMENT 30079567 06/08/2019 1   06/08/2019 Book
    Dewey Decimal Classification     London London Basement 08/11/2011     BASEMENT 30079569 06/08/2019 1   06/08/2019 Book
    Dewey Decimal Classification     London London Basement 08/11/2011     BASEMENT 30079570 06/08/2019 1   06/08/2019 Book